000 00579nam a22002177a 4500
999 _c6475
_d6475
001 6475
003 BD-JhCC
005 20180123181928.0
008 180123b xxua|||| |||| 00| 0 eng d
035 _a(BD-JhCC)6475
040 _aBD-JhCC
_dBD-JhCC
041 _aeng
082 _a629.1333409
_bNEL
100 _aNelson, Thomas
245 _aAeroplane Tales /
_cThomas Nelson and Sons LTD
260 _aLondon :
_bThomas Nelson and Sons LTD,
300 _a231 p. :
_bill.;
_c20 cm.
650 _aAeronautics
650 _aAirplanes
_xDesign and Construction
942 _2ddc
_cBK